|
|
|
|
| LEADER |
00825nam a2200217 a 4500 |
| 001 |
00012193 |
| 008 |
110314r19991995ii a 001 0 eng |
| 020 |
|
|
|a 0074622536
|
| 040 |
|
|
|a BD-DhAAL
|c BD-DhAAL
|
| 082 |
0 |
0 |
|a 657
|2 22
|
| 100 |
1 |
|
|a Mukherjee, Amitabha
|
| 245 |
1 |
0 |
|a Modern Accountancy.
|n Volume II /
|c Amitabha Mukherjee and Mohammad Hanif
|
| 260 |
|
|
|a New Delhi :
|b Tata McGraw-Hill,
|c c1995 [Reprinted 1999]
|
| 300 |
|
|
|a xvii, 1013 p. :
|b ill. ;
|c 24 cm.
|
| 500 |
|
|
|a Includes Index
|
| 541 |
|
|
|e 00012193
|
| 650 |
|
0 |
|a ccounting.
|
| 700 |
|
|
|a Hanif, Mohammad
|
| 852 |
4 |
|
|a Ayesha Abed Library
|j General shelf
|
| 999 |
|
|
|c 10538
|d 10538
|
| 952 |
|
|
|0 0
|1 0
|2 ddc
|4 0
|6 657_000000000000000_MUK
|7 0
|9 14694
|a BRACUL
|b BRACUL
|c GEN
|d 2011-03-16
|l 1
|m 4
|o 657 MUK
|p 3010012193
|r 2013-08-23
|s 2012-09-12
|t 1
|w 2011-03-16
|y BK
|x Price not available in Register
|